| 000 | 01358nam a2200361Ia 4500 | ||
|---|---|---|---|
| 001 | ebr10082086 | ||
| 003 | CaPaEBR | ||
| 006 | m u | ||
| 007 | cr cn||||||||| | ||
| 008 | 050614s2005 maua s 001 0 eng d | ||
| 020 | _z1592007236 | ||
| 040 |
_aCaPaEBR _cCaPaEBR |
||
| 035 | _a(OCoLC)61103484 | ||
| 050 | 1 | 4 |
_aQA76.73.D3 _bV56 2005eb |
| 082 | 0 | 4 |
_a005.75/65 _221 |
| 100 | 1 | _aVine, Michael A. | |
| 245 | 1 | 0 |
_aMicrosoft Access VBA programming for the absolute beginner _h[electronic resource] / _cMichael Vine. |
| 246 | 3 | 3 | _aAccess VBA |
| 250 | _a2nd ed. | ||
| 260 |
_aBoston, Mass. : _bThomson Course Technology, _cc2005. |
||
| 300 |
_axiv 371 p. : _bill. |
||
| 490 | 1 | _aFor the absolute beginner (Series) | |
| 500 | _aIncludes index. | ||
| 533 |
_aElectronic reproduction. _bPalo Alto, Calif. : _cebrary, _d2009. _nAvailable via World Wide Web. _nAccess may be limited to ebrary affiliated libraries. |
||
| 630 | 0 | 0 | _aMicrosoft Access. |
| 630 | 0 | 0 | _aMicrosoft Visual Basic for applications. |
| 650 | 0 |
_aApplication software _xDevelopment. |
|
| 650 | 0 | _aDatabase management. | |
| 655 | 7 |
_aElectronic books. _2local |
|
| 710 | 2 | _aebrary, Inc. | |
| 830 | 0 | _aFor the absolute beginner (Series) | |
| 856 | 4 | 0 |
_uhttp://site.ebrary.com/lib/rucke/Doc?id=10082086 _zAn electronic book accessible through the World Wide Web; click to view |
| 999 |
_c55238 _d55238 |
||